|
|
|
|
| LEADER |
00000nab a2200000 ar4500 |
| 001 |
vtls010024546 |
| 003 |
SK-MaSNL |
| 005 |
20260303232225.0 |
| 008 |
091125c2009 xo |r|p|||||||000 b|slo |
| 015 |
|
|
|a SNBRB2009/11
|2 snkbucl
|
| 038 |
|
|
|a SNKBUCL
|
| 040 |
|
|
|a SNKBUCL
|b slo
|c SNKBUCL
|e AACR2
|
| 041 |
0 |
|
|a slo
|
| 044 |
|
|
|a xo
|c SK
|
| 080 |
|
|
|a 82:929:821.162.4:06.068
|2 2001
|
| 080 |
|
|
|a 821.162.4:929:06.068
|2 2001
|
| 080 |
|
|
|a 82:06.068
|2 2001
|
| 080 |
|
|
|a 82.0:81`255.4:06.068
|2 2001
|
| 080 |
|
|
|a 81`255.4:06.068
|2 2001
|
| 100 |
1 |
|
|a Štrasser, Ján,
|d 1946-
|4 aut
|9 93512
|
| 245 |
1 |
0 |
|a "Nemusím veľa, stačí dobre"
|b ocenenie pre Jána Buzássyho
|c Ján Štrasser
|
| 600 |
1 |
7 |
|a Buzássy, Ján,
|d 1935-
|2 snkbucl
|9 109313
|
| 648 |
|
7 |
|a 2008
|2 snkbucl
|9 317238
|
| 650 |
0 |
7 |
|a Cena Zory Jesenskej
|2 snkbucl
|9 1268084
|
| 650 |
0 |
7 |
|a literárny preklad
|2 snkbucl
|9 28595
|
| 650 |
0 |
7 |
|a literárne ceny
|2 snkbucl
|9 72846
|
| 655 |
|
7 |
|a príhovory
|2 snkbucl
|9 75648
|
| 773 |
0 |
|
|t Knižná revue
|g Roč. XIX, č. 21 (2009), s. 9
|x 1210-1982
|
| 852 |
|
|
|a SNK
|b KIS3GCP
|
| 958 |
|
|
|a LX
|
| 958 |
|
|
|a SK
|
| 999 |
|
|
|c 2270713
|d 2272643
|